01428nam a2200361Ia 4500001001200000003000800012006001900020007001500039008004100054010001700095020002800112020001800140020001800158040002100176035002100197050002300218082001500241245015900256260004800415300002300463504006600486533015200552650002400704650002600728650002800754650003200782650003800814655002900852700001800881700002400899710001700923856012600940ebr10598017CaPaEBRm u cr cn|||||||||940929s1995 gw a sb 001 0 eng d z 94037129  z3110145804 (alk. paper) z9783110145809 z9783110889444 aCaPaEBRcCaPaEBR a(OCoLC)81550653414aBH151b.R44 1995eb04a121/.322000aReflecting sensesh[electronic resource] :bperception and appearance in literature, culture, and the arts /cedited by Walter Pape and Frederick Burwick. aBerlin ;aNew York :bW. de Gruyter,c1995. avi, 369 p. :bill. aIncludes bibliographical references (p. [315]-341) and index. aElectronic reproduction.bPalo Alto, Calif. :cebrary,d2011.nAvailable via World Wide Web.nAccess may be limited to ebrary affiliated libraries. 0aAesthetics, Modern. 0aIllusion (Philosophy) 0aIllusion in literature. 0aRepresentation (Philosophy) 0aInformation theory in aesthetics. 7aElectronic books.2local1 aPape, Walter.1 aBurwick, Frederick.2 aebrary, Inc.40uhttp://site.ebrary.com/lib/rucke/Doc?id=10598017zAn electronic book accessible through the World Wide Web; click to view